000 00632nam a2200217 i 4500
001 bgj
003 BPK
005 20140813143804.0
008 s1974 gw |000 0 ger d
040 _cBPK
041 0 _ager
080 _a821.112.2(091)
100 1 _aBatt, Kurt
_d(1931-1975).
245 1 0 _aRevolte Intern :
_bBetrachungen zur Literatur /
_cKurt Batt.
260 _aLeipzig :
_bReclam,
_c1974.
300 _a275, [2] S. ;
_c17 cm.
490 1 _aReclams Universal-Bibliothek ;
_vBand 590
655 4 _aLiteratura niemiecka
_xhistoria.
830 0 _aReclams Universal-Bibliothek ;
942 _cKS
_2UKD
999 _c50452
_d50452
856 _uhttp://koha.tu.koszalin.pl/cgi-bin/koha/opac-detail.pl?biblionumber=50452
_yKatalog online BPK